El proyecto GNU /
Expone la historia de la creación del proyecto de software libre GNU. Explica los inicios y la razones que motivaron la realización del proyecto. Además, se explican las características técnicas del programa. Finaliza discutiendo acerca de la concepción de libertad dentro del software libre.
Guardat en:
| Autor principal: | |
|---|---|
| Format: | Llibre |
| Idioma: | Spanish |
| Matèries: | |
| Etiquetes: |
Afegir etiqueta
Sense etiquetes, Sigues el primer a etiquetar aquest registre!
|
MARC
| LEADER | 00000nam a22000007a 4500 | ||
|---|---|---|---|
| 003 | cru CIDCACS/IIS | ||
| 005 | 20171125062528.0 | ||
| 007 | ta | ||
| 008 | 171122t2005 es |||||r|||| 00| 0 spa d | ||
| 999 | |c 40634 |d 40634 | ||
| 040 | |c cru CIDCACS/IIS | ||
| 100 | 1 | |9 6072 |a Stallman, Richard | |
| 245 | 1 | 3 | |a El proyecto GNU / |c Richard Stallman |
| 300 | |a páginas 160-177 | ||
| 520 | |a Expone la historia de la creación del proyecto de software libre GNU. Explica los inicios y la razones que motivaron la realización del proyecto. Además, se explican las características técnicas del programa. Finaliza discutiendo acerca de la concepción de libertad dentro del software libre. | ||
| 650 | 4 | |9 3347 |a INFORMATICA | |
| 650 | 1 | 0 | |9 3324 |a PROGRAMAS DE COMPUTADORA |
| 650 | 0 | |9 5476 |a CONOCIMIENTO | |
| 650 | 1 | 0 | |9 6117 |a LIBERTAD DE INFORMACION |
| 650 | 1 | 0 | |9 3338 |a LENGUAJES DE PROGRAMACION |
| 650 | 1 | 0 | |9 3828 |a PROPIEDAD INTELECTUAL |
| 773 | 0 | |0 8917 |9 1624 |a Frank, Augsten |d El Salvador: Fundación Heinrich Böll |o 16089 |t ¿Un mundo patentado?: |w ()48245 |z 99923-35-07-6 | |
| 942 | |2 ddc |c LI | ||



